| 000 | 01404nam2a2200277 4500 | ||
|---|---|---|---|
| 001 | RU\NLR\bibl\1369148 | ||
| 005 | 20260405190433.0 | ||
| 021 |
_aRU _b2009-20996 _91244 |
||
| 035 | _a(NLR Aleph) 001361287 | ||
| 090 |
_a982873 _c982873 |
||
| 100 | _a20090515d2008 |||y0rusy50 ca | ||
| 101 | 0 | _arus | |
| 102 | _aRU | ||
| 105 | _aa ||||||||| | ||
| 200 | 1 |
_aСтатически неопределимые системы _fС.П. Иванов, О.Г. Иванов |
|
| 210 |
_d2008 _aБ. м. |
||
| 215 |
_a126, [1] с. _cил. |
||
| 320 | _aБиблиогр.: с. 123-124 (13 назв.) | ||
| 461 | 0 |
_1001RU\NLR\bibl\1190691 _12001#$aСтроительная механика$vЧ. 2 _91634779 _aИванов, С. П. (д-р техн. наук ; 1947-) _cЙошкар-Ола _d2007 _fС.П. Иванов _nМарийский государственный технический университет _oкурс лекций _tСтроительная механика _vЧ. 2 |
|
| 701 | 1 |
_4070 _7ca _8rus _aИванов _bС. П. _cд-р техн. наук _f1947- _gСергей Павлович _947058 _3RU\NLR\auth\7764129 |
|
| 701 | 1 |
_4070 _7ca _8rus _aИванов _bО. Г. _cканд. техн. наук, строительство _gОлег Геннадьевич _965508 _3RU\NLR\auth\7782580 |
|
| 801 | 0 |
_aRU _bNLR _c20090515 _gRCR |
|
| 801 | 1 |
_aRU _bNLR _c20090515 |
|
| 942 | _cBOOK | ||
| 980 | _aNB | ||